Central Library OPAC University of Rajshahi

Earthworms in agriculture/ (Record no. 58602)

MARC details
000 -LEADER
fixed length control field 00639nam a2200217 4500
001 - CONTROL NUMBER
control field 58602
003 - CONTROL NUMBER IDENTIFIER
rucl marc code BD-RjUL
005 - DATE AND TIME OF LATEST TRANSACTION
control field 20211209080635.0
008 - FIXED-LENGTH DATA ELEMENTS--GENERAL INFORMATION
fixed length control field 161219r20052008ii ||||| |||| 00| 0 eng d
020 ## - INTERNATIONAL STANDARD BOOK NUMBER
International Standard Book Number 8177542494
035 ## - SYSTEM CONTROL NUMBER
System control number (BD-RjUL)58726
040 ## - CATALOGING SOURCE
Language of cataloging eng
Transcribing agency BD-RjUL
041 ## - LANGUAGE CODE
Language code of text/sound track or separate title eng
082 ## - DEWEY DECIMAL CLASSIFICATION NUMBER
Edition number 23
Classification number 639.75
Author mark and year TAE 2005[2008]
100 ## - MAIN ENTRY--PERSONAL NAME
Personal name Talashilkar S C ; Dosani, A A K
9 (RLIN) 174140
245 01 - TITLE STATEMENT
Title Earthworms in agriculture/
Statement of responsibility, etc. S.C. Talashilkar, A.A.K. Dosani.
260 ## - PUBLICATION, DISTRIBUTION, ETC. (IMPRINT)
Place of publication, distribution, etc. Jodhpur :
Name of publisher, distributor, etc. Agrobios (India),
Date of publication, distribution, etc. 2008, ©2005.
300 ## - PHYSICAL DESCRIPTION
Pagination 182 pages :
Illustrations illustrations;
Size 25cm.
650 ## - SUBJECT ADDED ENTRY--TOPICAL TERM
Topical term or geographic name as entry element Earthworm culture
9 (RLIN) 174141
942 ## - ADDED ENTRY ELEMENTS (KOHA)
Source of classification or shelving scheme Dewey Decimal Classification
Koha item type Books
Holdings
Lost status Source of classification or shelving scheme Damaged status Not for loan Permanent Location Current Location Shelving location Date acquired Source of acquisition Cost, normal purchase price Total Checkouts Full call number Date last seen Copy number Koha item type
  Dewey Decimal Classification   Not For Loan Institute of Biological Sciences (IBSc) Library Institute of Biological Sciences (IBSc) Library Institute Library 15/12/2016 Paragon 1071.00   639.75 TAE 2005[2008] 19/12/2016 C-1 Books